000 00451nam a2200205Ia 4500
001 092276
003 YMCAF
005 20230512161831.0
008 100717s2007 ||||||||||||||||| ||und|d
024 _a92276
035 _a31734
040 _aYMCAF
_beng
_cIN-KoLT
041 _aeng
082 _a005.74
_bBER
100 _aBerson, A
245 0 _aData warehousing ,data mining and OLAP
260 _bTMH
_c2007
300 _a612
942 _2ddc
_cBK
999 _c9794
_d9794